000 00371nam a22001697a 4500
003 OSt
005 20260502122752.0
008 260502b |||||||| |||| 00| 0 eng d
020 _a9789371267151
082 _a915.4 TAU
100 _aTAXMANN
245 _aUnbelievable India
250 _a-
260 _aNew Delhi
_bTaxamnn
_c-
300 _a408p.
942 _2ddc
_cREF
999 _c13947
_d13947